| 000 | 00932nam a22002177a 4500 | ||
|---|---|---|---|
| 999 |
_c146732 _d146732 |
||
| 005 | 20181204111526.0 | ||
| 010 | _aENG-120882-883 | ||
| 020 |
_a9789380077529(vol-1) _c200.00 (set of price) |
||
| 020 |
_a9789380077536(vol-2) _c200.00 (set of price) |
||
| 035 | _aEN-104814-815 | ||
| 037 | _bDBAD/PUB | ||
| 082 | _a230.35 | ||
| 245 |
_aThe spiritual guide : _bperspectives & traditions / _cedited by Beverty Chapman |
||
| 260 |
_aNew Delhi _bRadha Soami Satsang Beas _c2017 |
||
| 270 |
_a5 Gurtu Ravi Dass Marg,Pusa Road _bNew Delhi _e110005 |
||
| 300 |
_a2-vols(402;378)p. _c23 cm(Hb) |
||
| 500 | _aIncludes bibliographical references | ||
| 505 | _avol-1-the Hindu Tradition, The Taoist Tradition, The Jewish Tradition, The Graeco-Roman Tradition vol-2 ; the Buddhist Tradition, The Christian Tradition, Thge Sufi Tradition, The Sikh Tradtion | ||
| 700 | _aChaman,Beverly | ||
| 942 |
_2ddc _cEN _h230.35 _mTHE |
||